Sports Illustrated Covers (1980s) Quiz Stats

 Plays Quiz Updated Feb 25, 2019

Score 0/35 Timer 07:00
53 Plays Today
Athlete % Correct
Larry Bird
96%
Muhammad Ali
96%
Magic Johnson
95.7%
Mike Tyson
90.6%
Hulk Hogan
88.4%
Joe Montana
87.4%
Wayne Gretzky
79.8%
Bo Jackson
79.5%
Michael Jordan & Sam Perkins
78%
USA Hockey
74.8%
Bobby Knight
73.1%
Jack Nicklaus
72.9%
David Robinson
72%
John McEnroe
70%
Darryl Strawberry
69.1%
Julius Erving
69.1%
Patrick Ewing
67.3%
Jose Canseco
66.2%
Athlete % Correct
Sugar Ray Leonard
64.4%
George Foreman
62.1%
Doug Flutie
62%
Dominique Wilkins
57.5%
Mary Lou Retton
56.8%
Florence Griffith-Joyner
56.4%
Dave Winfield
54%
Bernie Kosar
51.3%
Howie Long
50.2%
Steffi Graf
49.2%
Fernando Valenzuela
48.4%
Herschel Walker
47.2%
Kirk Gibson
47.2%
Cris Collinsworth
46.4%
Tony Dorsett
39.6%
Tom Watson
38.6%
Marvelous Marvin Hagler
34.3%

You're not logged in!

Compare scores with friends on all Sporcle quizzes.
OR
Log In

You Might Also Like...

Show Comments

Extras

Top Quizzes Today


Score Distribution

Your Account Isn't Verified!

In order to create a playlist on Sporcle, you need to verify the email address you used during registration. Go to your Sporcle Settings to finish the process.

Report this User

Report this user for behavior that violates our Community Guidelines.

Details: